000
00177nam a2200085 4500
001
1258562
005
20260312193515.0
245
_a
KARABİBİK
_c
NABİZADE NAZIM
260
_b
İSKELE
999
_c
1258562
_d
1258562